Hygiena potravín

Bibliographic Details
Main Author: Golian, Jozef, 1966- (Author)
Format: Book
Language:Slovak
PhysicalDescription:195 s. tab. 29 cm
Published: V Nitre Slovenská poľnohospodárska univerzita 1998
ISBN:8071374938
Subjects:

MARC

LEADER 00000nam a2200000 a 4500
001 vtls001164947
003 SK-MaSNL
005 20260301233733.0
008 240509s1998 xo ap r yy slo
015 |a SNBA1998/11-03892 
020 |a 8071374938  |c 70,00 Sk 
035 |a SNK000107906 
035 |a urn:nbn:sk:snk-amtjqj 
035 |a urn:nbn:sk:snk-am00c5ti 
035 |a EFC623C2-8184-444B-8DCA-4BC10186352D 
040 |a SNK  |b slo  |c SNK  |e AACR2 
041 0 |a slo 
044 |a xo  |c SK 
080 |a 619:637.1/.5(075.8)  |2 1981 
100 1 |a Golian, Jozef,  |d 1966-  |4 aut  |9 256685 
245 1 0 |a Hygiena potravín  |c Jozef Golian 
260 |a V Nitre  |b Slovenská poľnohospodárska univerzita  |c 1998 
300 |a 195 s.  |b tab.  |c 29 cm 
504 |a Bibliogr. s. 195 
650 0 7 |a hygiena potravín  |2 SNK  |9 2487 
655 7 |a Textbooks (higher)  |2 SNKPHeng  |9 276436 
655 7 |a učebnice vysokých škôl  |2 SNKPH  |9 70191 
752 |d Nitra 
919 |a 80-7137-493-8 
958 |a TL 
958 |a OND 
999 |c 967481  |d 969411 
952 |t P60, <03>, [BOOK], {603}  |a SNK  |b SNK  |y PREZ  |7 0  |p 17A0147836  |o snkSB 59158  |i snkKSP 7037/98  |0 0  |1 0  |4 0  |d 1998-07-07  |f 1  |l 0  |r 2025-04-11 00:00:00  |w 2026-02-24 
952 |t P60, <04>, [BOOK], {604}  |a SNK  |b SNK  |y VYP  |7 0  |p 17A0147835  |o snkSB 59158 D1  |i snkKSP 7038/98  |0 0  |1 0  |4 0  |d 1998-07-07  |l 0  |r 2005-01-01 00:00:00  |w 2026-02-24